| 000 | 006100000a22002170004500 | ||
|---|---|---|---|
| 003 | LK-CoMWRAF | ||
| 005 | 20231022142505.0 | ||
| 008 | 230817t1992 ||||| |||| 00| 0 eng d | ||
| 020 | _a8120713060 | ||
| 040 |
_aLK-CoMWRAF _dLK-CoMWRAF _eLK-CoMWRAF |
||
| 041 | _aeng | ||
| 082 |
_a305.48 _bENG |
||
| 100 | _aEngineer, Asghar Ali | ||
| 245 | _aThe Rights of Women in Islam | ||
| 260 |
_aNew Delhi: _bSterling Publishers, _c1992 |
||
| 300 | _avi, 188 p. ; 22 cm. | ||
| 650 | _aMUSLIM WOMEN-SOCIAL CONDITIONS | ||
| 650 | _aWomen in Islam | ||
| 650 | _aWomen- Legal status, laws(Islamic law) | ||
| 942 | _cBK | ||
| 999 |
_c1657 _d1657 |
||